| 000 | 00890nas a2200289 4500 | ||
|---|---|---|---|
| 001 | BR0803859 | ||
| 003 | BR-BrBNA | ||
| 005 | 20231205112340.0 | ||
| 007 | ta | ||
| 008 | 230509b bl.|||p| |||| 00| 00por d | ||
| 040 |
_aBR-BrBNA _bpor _cBiblioteca Nacional de Agricultura |
||
| 041 | _a(Pt) | ||
| 072 | _aF30 | ||
| 100 | 1 | _aGuimarães, P. de S. | |
| 100 | 1 | _aPaterniani, M.E.A.G.Z. | |
| 100 | 1 | _aLuders, R.R. | |
| 100 | 1 | _aSouza, A.P. de | |
| 100 | 1 | _aLaborda, P.R. | |
| 100 | 1 | _aOliveira, K.M. | |
| 245 | 1 | _aCorrelação da heterose de híbridos de milho com divergência genética entre linhagens | |
| 650 | _aMILHO | ||
| 650 | _aMARCADOR GENETICO | ||
| 650 | _aPARAMETRO GENETICO | ||
| 773 | 0 |
_tPesquisa Agropecuária Brasileira (Brazil) _xISSN 0100-204X _g(Jun 2007), v. 42(6) p. 811-816 _wBR0803859 |
|
| 909 |
_a202311 _bLúcia _c55 _dLúcia Elande |
||
| 942 |
_2AGRIS _n0 _cANA |
||
| 999 |
_c197557 _d197557 |
||